| 000 | 00850nas a2200253 4500 | ||
|---|---|---|---|
| 001 | BR8500893 | ||
| 003 | BR-BrBNA | ||
| 005 | 20231205090122.0 | ||
| 007 | ta | ||
| 008 | 230509b bl.|||p| |||| 00| 00por d | ||
| 040 |
_aBR-BrBNA _bpor _cBiblioteca Nacional de Agricultura |
||
| 041 | _a(Pt) | ||
| 072 | _aQ10; Q20 | ||
| 100 | 1 | _aSanchez, L. | |
| 100 | 1 | _aLima, U. de A. | |
| 245 | 1 | _aViabilidade de conservacao de saguirus prata, Curimatus elegans Steindachner, por fermentacao | |
| 246 | 1 | _aViability of preserving Curimatus elegans Steindachner by fermentation | |
| 650 | _aSAGUIRU | ||
| 650 | _aPRESERVACAO DE ALIMENTO | ||
| 650 | _aFERMENTACAO | ||
| 773 | 0 |
_tCiencia e Tecnologia de Alimentos (Brazil) _xISSN 0101-2061 _g(Jan-Jun 1984), v. 4(1) p. 56-67 _wBR8500893 |
|
| 909 |
_a202311 _bLúcia _c55 _dLúcia Elande |
||
| 942 |
_2AGRIS _n0 _cANA |
||
| 999 |
_c116252 _d116252 |
||